Word Ladder: Italian Artist Quiz Stats

 Plays Quiz Updated Oct 23, 2015

Challenge
Share
Tweet
Embed
Score 0/15 Timer 01:30
0 Plays Today
Hint 3-Letter Word % Correct
Female chickenHEN
98.5%
Opposite of maxMIN
98%
R&B Group: Boyz II ___MEN
97.8%
Month before Sept. AUG.
97.8%
Affectionate embraceHUG
96.1%
Colony forming insectANT
95.7%
Ugly witchHAG
89.1%
●Director ___ Lee●●ANG●
88.2%
Hint 3-Letter Word % Correct
●Voice amplifier, for short●●MIC●
81.9%
Tolkien's tree creatureENT
68.8%
Arthur C. Clarke's AI: ___ 9000HAL
60.5%
●Norse goddess of the underworld●●HEL●
60.1%
●'Mr. Blue Sky' band (abbr.)●●ELO●
53.3%
New York time zone (Mar.-Oct.)EDT
52.1%
Tokyo, formerlyEDO
46.6%

Today's Daily Dose

You're not logged in!

Compare scores with friends on all Sporcle quizzes.
Join for Free
OR
Log In

You Might Also Like...

Show Comments

Extras

Top Quizzes Today


Score Distribution

Your Account Isn't Verified!

In order to create a playlist on Sporcle, you need to verify the email address you used during registration. Go to your Sporcle Settings to finish the process.

Report this User

Report this user for behavior that violates our Community Guidelines.

Details: